00403nam a2200145Ia 4500008004100000040001900041041001200060082002400072100002000096245004400116260003600160300002400196650001900220850001800239131103s9999 xx 000 0 und d aLoreto College aEnglish a301/NIVbLCBED/7342 aSister Nivedita 4aThe web of Indian lifecSister Nivedita aCalcuttabAdvaita Ashramac1955 axii,312 p. c 18cm. aSocial Science aLCBED/301/NIV